00849nam a2200229 i 4500003000900000005001700009007000300026008004100029020001500070040003000085082001300115240003600128245013000164264006800294300005100362336002700413337003300440338002800473490001700501700003900518700006200557DO-SdBNP20240923145210.0ta240923s1993 sp ac 000 0 spa d a847651168X aDO-SdBNPbspacBNPHUerda 222bG3771 aGeronimo, an American legend. /00aGerónimo :bel final de las guerras apaches / cedición de C. L. Sonnichsen ; prólogo y traducción de Eduardo Jordá1 aPalma de Mallorca, España :bJosé J. de Olañeta, c1993. a156 páginasbilustraciones, retratosc22 cm. atextobtxt2rdacontent asin mediaciónbn2rdamedia avolumenbnc2rdacarrier1 aHesperusv491 4ed.aSonnichsen, C. L. eedición1 4prol. y tr.aJordá, Eduardo eprólogo y traducción